Geodynamics

Geodynamics provides the fundamentals necessary for an understanding of the workings of the solid earth, describing the mechanics of earthquakes, volcanic eruptions, and mountain building in the context of the role of mantle convection and plate tectonics. Observations such as the earth's gravi...

Полное описание

Сохранить в:
Библиографические подробности
Главный автор: Turcotte, Donald Lawson
Формат:
Язык:Undetermined
Опубликовано: Cambridge,New York Cambridge University Press 2002
Предметы:
Метки: Добавить метку
Нет меток, Требуется 1-ая метка записи!
Thư viện lưu trữ: Trung tâm Học liệu Trường Đại học Cần Thơ
LEADER 00985nam a2200205Ia 4500
001 CTU_160247
008 210402s9999 xx 000 0 und d
020 |c 85 
082 |a 551 
082 |b T933/2nd 
100 |a Turcotte, Donald Lawson 
245 0 |a Geodynamics 
245 0 |c Donald L. Turcotte, Gerald Schubert 
260 |a Cambridge,New York 
260 |b Cambridge University Press 
260 |c 2002 
520 |a Geodynamics provides the fundamentals necessary for an understanding of the workings of the solid earth, describing the mechanics of earthquakes, volcanic eruptions, and mountain building in the context of the role of mantle convection and plate tectonics. Observations such as the earth's gravity field, surface heat flow, distribution of earthquakes, surface stresses and strains, and distribution of elements are discussed 
650 |a Geodynamics,Địa chất học 
910 |a Nguyên 
980 |a Trung tâm Học liệu Trường Đại học Cần Thơ